Adolescencia y familia: un estudio sobre la estructura de la familia de los estudiantes adolescentes de Concepción /
El objetivo del estudio consiste en investigar los conceptos e imágenes que tienen los jóvenes chilenos con respecto a sus familias, así como las expectativas y las realidades en lo referente a la composición y dinámica dada por el ejercicio de los roles postulados y reales, los modos de relación y...
Guardado en:
| Hovedforfatter: | |
|---|---|
| Andre forfattere: | , |
| Format: | Texto |
| Fag: | |
| Tags: |
Tilføj Tag
Ingen Tags, Vær først til at tagge denne postø!
|
MARC
| LEADER | 00000 a a2200000 04500 | ||
|---|---|---|---|
| 001 | 18682 | ||
| 003 | |||
| 040 | |||
| 100 | |a Pérez Urrea, Mario | ||
| 245 | |a Adolescencia y familia: un estudio sobre la estructura de la familia de los estudiantes adolescentes de Concepción / |c Mario Pérez Urrea | ||
| 520 | |a El objetivo del estudio consiste en investigar los conceptos e imágenes que tienen los jóvenes chilenos con respecto a sus familias, así como las expectativas y las realidades en lo referente a la composición y dinámica dada por el ejercicio de los roles postulados y reales, los modos de relación y comunicación, el grado de adaptación a su sistema familiar y el origen de probables conflictos en la medida de un desfase entre lo esperado y lo obtenido. Se utilizó una encuesta con el fin de obtener las respuestas afines dentro de un ámbito universitario definido. OB/EL | ||
| 650 | |a CONCEPCION, CL |z -csj | ||
| 650 | |a ADOLESCENTES | ||
| 650 | |a FAMILIA | ||
| 650 | |a ENSEÑANZA SUPERIOR | ||
| 650 | |a ENCUESTAS | ||
| 650 | |a CONFLICTOS SOCIALES | ||
| 700 | |a Aguilera, Patricia | ||
| 700 | |a Parada, Benjamín Vicente | ||
| 773 | |g número 54; páginas 41-53 | ||
| 999 | |c 21560 |d 21560 | ||
